1558 1610 1453 1237 1943 1557 1561 1063 1114 1648 1178 1839 1641 1613 1244 1030 1784 1238 1618 1033 1713 1338 1624 1580 1008 1011 1835 1700 1080 1499 1136 1127 1169 1158 1843 1347 1781 1829 1087 1142 1636 1283 1004 1946 1296 1409 1974 1353 1904 1930 1702 1300 1963 1888 1537 1145 1184 1644 1411 1274 1034 1139 1220 1151 1003 1870 1358 1189 1299 1369 1107 1009 1943 1481 1243 1061 1438 1286 1694 1782 1518 1403 1822 1196 1669 1958 1080 1067 1619 1377 1303 1139 1640 1399 1863 1030 1833 1257 1025 BCNSPRNW ULIB Ver.6.0+V

เปลี่ยนเป็นภาษาไทย

Change to English
 แสดงรายละเอียดบรรณานุกรม
  กลับหน้าหลัก

Brief Record : Get Marc (ISO 2709) : E-mail record : QR code < ปิดหน้าต่าง
LEADER : 00000nam 2200000uu 4500
001    13399129058
003     ULIB
008    250528s2567||||th 000 0 tha d
020    ^a9786166128796
060  4 ^aWA590^bอ662ส
100 0  ^aอารียา จิรธนานุวัฒน์^eผู้แต่ง
245 1  ^aสุขภาพคนเมืองและการส่งเสริมสุขภาพ /^cอารียา จิรธนานุวัฒน์
246 3  ^aUrban health and health promotion.
250    ^aพิมพ์ครั้งที่ 1.
260    ^aกรุงเทพฯ :^bภาควิชาเทคโนโลยีสุขภาพ คณะวิทยาศาสตร์และเทคโนโลยีสุขภาพ มหาวิทยาลัยนวมินทราธิราช, ^c2567.
300    ^a182 หน้า :^bภาพประกอบ ;^c25 ซม
505 2  ^aสุขภาพกับเป้าหมายการพัฒนาอย่างยั่งยืน -- การส่งเสริมสุขภาพ -- ทฤษฎีทางพฤติกรรมสุขภาพ -- สุขภาพคนเมือง -- กลวิธีส่งเสริมสุขภาพ
505 2  ^a^tสุขภาพกับเป้าหมายการพัฒนาอย่างยั่งยืน -- การส่งเสริมสุขภาพ -- ทฤษฎีทางพฤติกรรมสุขภาพ -- สุขภาพคนเมือง -- กลวิธีส่งเสริมสุขภาพ.
650  7 ^aการส่งเสริมสุขภาพ
650  7 ^aพฤติกรรมสุขภาพ
650  7 ^aสุขภาพเมือง
945    ^p350^l0^i011731
945    ^p350^l0^i011732
945    ^p350^l0^i011733
999    ^aประนอม เกษจรัล
รายการนี้ยังไม่มีแท็ก
คุณยังไม่ได้ล็อกอิน คุณสามารถมีกิจกรรมร่วมกับเว็บไซต์ได้ แต่ต้องล็อกอินก่อน ::
  ล็อกอิน

รายการสื่อสารสนเทศ

ลำดับที่ ประเภท เลขเรียก/บาร์โค้ด สถานที่ สถานะ
1. วิทยาศาสตร์การแพทย์ และสุขภาพ
หนังสือสำรอง
สถานะ=หนังสือสำรอง
WA590 อ662ส ฉ.1 
  Barcode: 011731
ห้องสมุดวิทยาเขตสวรรค์ประชารักษ์
►หนังสือทั่วไป
บนชั้น
2. วิทยาศาสตร์การแพทย์ และสุขภาพ
วิทยาศาสตร์การแพทย์ และสุขภาพ
WA590 อ662ส ฉ.2 
  Barcode: 011732
ห้องสมุดวิทยาเขตสวรรค์ประชารักษ์
►หนังสือทั่วไป
บนชั้น
3. วิทยาศาสตร์การแพทย์ และสุขภาพ
วิทยาศาสตร์การแพทย์ และสุขภาพ
WA590 อ662ส ฉ.3 
  Barcode: 011733
ห้องสมุดวิทยาเขตสวรรค์ประชารักษ์
►หนังสือทั่วไป
บนชั้น

รายการใกล้เคียง
    หัวเรื่อง [การส่งเสริมสุขภาพ]
    หัวเรื่อง [พฤติกรรมสุขภาพ]
    หัวเรื่อง [สุขภาพเมือง]

BibComment


ยังไม่เคยถูกคอมเมนท์

คอมเมนท์ทรัพยากรรายการนี้
  คอมเมนท์: สุขภาพคนเมืองและ..


 Copyright 2026. Bcnsprnw @Library